| 000 | 00779cam a22002171a 4500 | ||
|---|---|---|---|
| 001 | sa 68020340 | ||
| 003 | DLC | ||
| 005 | 20260227112723.0 | ||
| 008 | 840807s1966 io 000 0 ind | ||
| 010 | _asa 68020340 | ||
| 035 | _a(OCoLC)23572424 | ||
| 040 |
_aDLC _cMiU _dOAU _dDLC |
||
| 042 | _apremarc | ||
| 050 | 0 | 0 |
_aJQ779.A56 _bA58 |
| 245 | 0 | 0 |
_aSiasat memetjah-belah P.N.I. sebagai proloog pengchianatan G-30-S/PKI / _c[Dewan Pimpinan Pusat, Partai Nasional Indonesia]. |
| 260 |
_a[Jakarta?] : _bDepartemen Penerangan-Propinsi Dewan Pimpinan Pusat Partai Nasional Indonesia, _c[1966]. |
||
| 300 |
_a40 p. ; _c21 cm. |
||
| 610 | 2 | 0 | _aPartai Nasional Indonesia (P.N.I.) |
| 650 | 0 |
_aPolitical parties _zIndonesia. |
|
| 651 | 0 |
_aIndonesia _xPolitics and government _y1950-1966. |
|
| 999 |
_c89368 _d89368 |
||